00613nam a22001817a 450000500170000001000150001702000260003203500140005803700130007208200080008524500400009325000190013326000420015227001410019430000310033549000350036650000300040120190716122937.0 aENG-125942 a9789353431785c175.00 aEN-109474 bDBAD/PUB a510 aMathematics practice books class-10 aSecond edition aNoida bPearson India Educationc2019 a15th Floor, Tower-B, World Trade Tower, Plot No.I, Block-C, Sector 16bNoida, Uttar Pradesh e201301mcompanysecretary.india@pearson.com avarious paging.c25cm(pbk) aPearsons IIT foundation series aTrishna knowledge systems